| 000 | 00803nmm a2200277 a 4500 | ||
|---|---|---|---|
| 001 | ocm000588524 | ||
| 003 | TR-IsHL | ||
| 005 | 20201028123237.0 | ||
| 008 | 110704s2010 tu tur | ||
| 007 | cr cn | ||
| 020 | _a9789944159944 | ||
| 035 |
_a588524 _b(N$T) |
||
| 050 | 0 | 4 |
_aBF575.L8 _bB45 2010 |
| 090 | 0 | 4 |
_aBF575.L8 _bB45 2010 |
| 100 | 1 | _aBenazus, Hanri | |
| 245 | 1 | 0 |
_aİşte aşk budur _h[electronic resource] / _cHanri Benazus |
| 250 | _a1. bs. | ||
| 260 |
_aİstanbul : _bBizim Kitaplar, _c2010 |
||
| 300 | _a421 p. | ||
| 650 | 4 | _aDil ve Edebiyat | |
| 650 | 4 | _aLanguage and Literature | |
| 650 | 0 | _aAşk | |
| 650 | 0 | _aLove | |
| 650 | 7 |
_aPSYCHOLOGY / Emotions _2bisacsh |
|
| 856 | 4 | 0 | _uhttp://search.ebscohost.com/login.aspx?direct=true&scope=site&db=e011xww&AN=588524 |
| 999 |
_c2299 _d2299 |
||